000 00578nam a2200193 i 4500
001 90075
003 ES-MaACL
007 t|
008 050118s1970 mx ||||1| spa d
100 1 _aLazo, Raimundo.
_970821
245 1 0 _aHistoria de la literatura hispanoamericana
_b: el siglo XIX (1780-1914) /
_cRaimundo Lazo.
250 _a2ª ed.
260 _aMéxico :
_bPorrúa,
_c1970.
300 _a333 p. ;
_c22 cm.
490 1 _aSepan cuantos... ;
_v65
830 0 0 _aSepan cuantos_
_v65
_9180801
852 _aES-MaACL
_jE-9152
_bR.93737
999 _c90075
_d90075